000 00631nam a22002177a 4500
003 OSt
005 20160526144610.0
008 160526b xxu||||| |||| 00| 0 eng d
020 _a9781405124324
040 _cDNLM
082 _aWA525 S29s 2006
100 _aSwayne, Linda E.; Duncan, W. Jack; Ginter Peter M.
_98993
245 _aStrategic Management of Health care Organization
250 _a5th ed.
260 _aUSA; Blackwell publishing, 2006
300 _ax,888p; col.ill: 25cm
504 _aCases, & index included
650 _aHealth management
_98816
650 _aHealth care service
_98994
942 _2z
_cO_SHELF
999 _c4172
_d4172